Religiosos y promoción humana /

Uloženo v:
Podrobná bibliografie
Korporativní autor: Iglesia Católica. Congregación para los Religiosos e Institutos Seculares
Médium: Kniha
Jazyk:španělština
Vydáno: México : Ediciones Paulinas, 1981, c1981
Vydání:2a edición
Edice:(Actas y Documentos Pontificios) [s.n.]
Témata:
Tagy: Přidat tag
Žádné tagy, Buďte první, kdo vytvoří štítek k tomuto záznamu!

MARC

LEADER 00000nam^a2200000^a^4500
001 000287543
005 20250521000000.0
009 20260526134820.358
025 |a Donación Jesús Vergara Aceves, 1 ejemplar 
037 |a Acervo Xavier Clavigero 
041 |a ESP 
082 |a 262. 91  |b IGL CRI VID 
110 |a Iglesia Católica.  |b Congregación para los Religiosos e Institutos Seculares,  |d 1967-1988 
245 1 0 |a Religiosos y promoción humana / 
246 2 |a Título en la cubierta: Vida consagrada y Compromiso social (dos documentos) 
250 |a 2a edición 
264 4 |a México :  |b Ediciones Paulinas,  |c 1981, c1981 
300 |a 71 p. 
336 |a texto  |b txt  |2 rdacontenido 
337 |a sin mediación  |b n  |2 rdamedio 
338 |a volumen  |b nc  |2 rdasoporte 
440 1 |a (Actas y Documentos Pontificios) [s.n.] 
649 |a XX 
650 |a Monasticismo y Ordenes Religiosas 
650 |a Vida Monástica y Religiosa -  |x Tema Principal 
650 |a Vida Espiritual 
650 |a Documentos Pontificios 
650 |a Iglesia Católica -  |x Documentos Doctrinales 
650 |a Iglesia Católica -  |x Historia -  |y Papa, 1978-2005 (Juan Pablo II) 
650 |a Iglesia Católica -  |x Historia -  |y Siglo XX 
650 |a Catolicismo 
650 |a Cristianismo 
650 |a Religión 
740 3 |a La dimensión contemplativa de la vida religiosa / 
910 |a Fondo Jesús Vergara Aceves S.J. 
920 |a Impresos - Libros 
930 |a Fondos Especiales 
905 |a 119 
901 |a 0500174673  |b IT2  |c ESP  |i 000054  |u 20250521 
902 |a https://opac.biblio.iteso.mx/vufind/Record/000287543